000 00320nam a22001457a 4500
008 221208b ||||| |||| 00| 0 eng d
020 _a9780078035623
041 _aeng
080 _a51
082 _a51MIL
100 _a22.2
101 _aMATE
245 _aCOLLEGE ALGEBRA&TRIGONOMETRY
_cMILLER J
942 _2udc
_cBK
999 _c59136
_d59136